| 000 | 00963nam a22002417a 4500 | ||
|---|---|---|---|
| 001 | BR7375845 | ||
| 003 | BR-BrBNA | ||
| 005 | 20230928084444.0 | ||
| 007 | ta | ||
| 008 | 230509b bl.||||| |||| 00| 0 por d | ||
| 040 |
_aBR-BrBNA _bpor _cBiblioteca Nacional de Agricultura |
||
| 041 | _a(Por) | ||
| 072 |
_aE10; D50 _b/G514 |
||
| 090 | _ E10 BR7375845 | ||
| 100 | 1 | _aMaia, J.M. | |
| 245 | 1 | _aEstatuto da terra, texto comentado e anotado da emenda constitucional no. 10, de 10 de novembro de 1964 da lei n. 4.504 de 30 de novembro de 1964 com os vetos e sua justificacao dos decretos nos. 55.889, 55.890, 55.891 de 31 de marco de 1965 e 56.583 de 19 de julho de 1965 [Brasil] | |
| 260 | 3 |
_aRio de Janeiro, GB (Brasil): _c1965. |
|
| 300 | _a213 p. | ||
| 500 | _a(*) Documento disponível no(a) Empresa Brasileira de Assistencia Tecnica e Extensao Rural, Brasilia, DF | ||
| 650 | _aESTATUTO DA TERRA | ||
| 909 |
_a202309 _bLucia _c55 _dLucia Elande |
||
| 942 | _cBK | ||
| 999 |
_c19068 _d19068 |
||